MARC details
| 000 -LEADER |
| fixed length control field |
01028cab a2200181 4500 |
| 001 - CONTROL NUMBER |
| control field |
##L133388 |
| 008 - FIXED-LENGTH DATA ELEMENTS--GENERAL INFORMATION |
| fixed length control field |
060505n2006 000 0 eng u |
| 035 ## - SYSTEM CONTROL NUMBER |
| System control number |
(Sirsi) u133388 |
| 041 0# - LANGUAGE CODE |
| Language code of text/sound track or separate title |
eng |
| 245 00 - TITLE STATEMENT |
| Title |
EGdata |
| Remainder of title |
pooled property funds index |
| 260 ## - PUBLICATION, DISTRIBUTION, ETC. |
| Date of publication, distribution, etc. |
2006 |
| 490 #0 - SERIES STATEMENT |
| Series statement |
Estates Gazette |
| Volume/sequential designation |
(0617) 29 April 2006, 48(1) |
| 520 ## - SUMMARY, ETC. |
| Summary, etc. |
Presents the fund performance to the end of March 2006 of the member funds of the Association of Real Estate Funds. Pooled Property Fund (PPF) returns remained strong during the first quarter 2006 at 4.8% although down from the exceptionally high level of 7.4% during the fourth quarter 2005. First quarter 2006 returns continue to be dominated by downward yield movement as heavy investor demand continues into 2006. Tables covering PPF rolling unit price performance, asset allocation and unit price performance. |
| 590 ## - LOCAL NOTE (RLIN) |
| Local note |
IKA090506 |
| 650 24 - SUBJECT ADDED ENTRY--TOPICAL TERM |
| Topical term or geographic name entry element |
ASSOCIATION OF REAL ESTATE FUNDS |
| 690 ## - LOCAL SUBJECT ADDED ENTRY--TOPICAL TERM (OCLC, RLIN) |
| Topical term or geographic name as entry element |
PROPERTY-COMMERCIAL PROPERTY-COMMERCIAL PROPERTY FINANCE AND INVESTMENT |
| 942 ## - ADDED ENTRY ELEMENTS (KOHA) |
| Suppress in OPAC |
0 |